| 000 | 00454nam a2200181Ia 4500 | ||
|---|---|---|---|
| 005 | 20240823010025.0 | ||
| 008 | 240823s9999||||xx |||||||||||||| ||und|| | ||
| 041 | _aENGLISH | ||
| 082 | _A006.3 N9 | ||
| 100 | _a"Winston,Patrick Henry" | ||
| 245 | 0 | _aArtificial Intelligence | |
| 250 | _a3rd | ||
| 260 |
_c1999 _bAWL.New Delhi |
||
| 500 | _aTRANSFERED | ||
| 650 |
_aArtificial Intelligence _bInformation Technology |
||
| 942 | _cBK | ||
| 999 |
_c157422 _d157422 |
||